000 01112cab a2200265 4500
001 ABS52050
008 090401t1995 xxu||||| |||| 00| 0 eng d
035 _a(Sirsi) u56761
041 _aeng
245 _aRoofing
260 _c1995
300 _aLOAN
350 _a0
490 _aBuilding
_vSupplement 20 January 1995 (28)
520 _aSpecial feature om roofs and roofing materials including articles on the market for handmade tiles, how roofs can comply with the new building regulations, how roofing contractor Eurocom has used life-cycle costing techniques to show the relative value of stainless steel sheeting as a roof covering, the effects of modern features and roofing membranes on the performance of thatched roofs and the use of wind tunnel testing on roofs. Includes a list of new products.
650 _aBUILDING REGULATIONS
_96224
650 _aLIFE-CYCLE COSTING
650 _aNON-DESTRUCTIVE TESTING
650 _aROOF TILES
650 _aSTAINLESS STEEL
650 _aWIND TUNNELS
690 _aBUILT ENVIRONMENT-CONSTRUCTION DESIGN
942 _n0
948 _c04/03/1997
999 _c34647
_d34647